| 000 | 00607nam a2200181 i 4500 | ||
|---|---|---|---|
| 001 | 95756 | ||
| 003 | ES-MaACL | ||
| 005 | 20230906181751.0 | ||
| 007 | t| | ||
| 008 | 050603s1968 sp |||| | spa d | ||
| 100 | 1 |
_aLluís y Navas, Jaime. _972976 |
|
| 245 | 1 | 0 |
_aNotas para la construcción de la teoría general del derecho sobre prevención de accidentes de trabajo / _cJaime Lluís y Navas. |
| 260 |
_aBarcelona : _bC.E.A.H.E., _c1968. |
||
| 300 |
_a8 p. ; _c24 cm. |
||
| 650 | 4 |
_aAccidentes- _xPrevención. _9161387 |
|
| 650 | 4 |
_aSeguridad industrial- _zEspaña. _917018 |
|
| 852 |
_aES-MaACL _j2062-F-11 |
||
| 999 |
_c95756 _d95756 |
||